00775nam a2200217Ii 45000010005000000030009000050080041000140400033000550410008000880820013000961000023001092450050001322640076001823000012002583360026002703370028002963380027003249400050003519990017004019520139004185767CO-ViMGA241108s9999||||xx |||||||||||||| ||und|| aCO-ViMGAbspaerdacCO-ViMGA0 aunk04a822-B3751 aJ.M. Barrie95517810a admirable Crichton y el bosque encantado 1a[Lugar de publicación no identificado] : Editorial Sudamericana, 1948 avolumen atextbtxt2rdacontent aunmediatedbn2rdamedia avolumebnc2rdacarrier aidficha_siabuc: 5621. -- ficha_no_siabuc:5767 c52605d52605 001040708001aMEVIGERRbMEVIGERRcGENd2006-11-27hVol.1o822-B375pECA4958r2024-11-26 10:09:19tEj.1w2024-11-26yBKz5621 | 7879